New health tips encyclopedia / (Record no. 5109)

MARC details
000 -LEADER
fixed length control field 00811nam a2200265 a 4500
001 - CONTROL NUMBER
control field 1991542
003 - CONTROL NUMBER IDENTIFIER
control field GBCCL
005 - DATE AND TIME OF LATEST TRANSACTION
control field 20241126110533.0
008 - FIXED-LENGTH DATA ELEMENTS--GENERAL INFORMATION
fixed length control field 891215s1989 gau e 000 0 eng
010 ## -
-- 89216959
020 ## - INTERNATIONAL STANDARD BOOK NUMBER
International Standard Book Number 0915099209
040 ## - CATALOGING SOURCE
Original cataloging agency DLC
Transcribing agency DLC
050 00 -
-- RC81.A2
-- N436 1989
082 00 - DEWEY DECIMAL CLASSIFICATION NUMBER
Classification number 610.3
Edition information 20
Item number NEW
245 00 - TITLE STATEMENT
Title New health tips encyclopedia /
Statement of responsibility, etc. edited by Cal Beverly and June Gunden.
250 ## - EDITION STATEMENT
Edition statement 1st ed.
260 ## - PUBLICATION, DISTRIBUTION, ETC.
Place of publication, distribution, etc. Peachtree City, GA :
Name of publisher, distributor, etc. FC&A Pub.,
Date of publication, distribution, etc. 1989.
300 ## - PHYSICAL DESCRIPTION
Extent 275 p. ;
Dimensions 21 cm.
650 #0 - SUBJECT ADDED ENTRY--TOPICAL TERM
Topical term or geographic name entry element Medicine, Popular
General subdivision Dictionaries.
9 (RLIN) 9218
700 1# - ADDED ENTRY--PERSONAL NAME
Personal name Beverly, Cal.
9 (RLIN) 9219
700 1# - ADDED ENTRY--PERSONAL NAME
Personal name Gunden, June.
9 (RLIN) 9220
906 ## - LOCAL DATA ELEMENT F, LDF (RLIN)
a 7
b cbc
c orignew
d 2
e ncip
f 19
g y-gencatlg
942 ## - ADDED ENTRY ELEMENTS (KOHA)
Source of classification or shelving scheme Dewey Decimal Classification
Koha item type Books
Holdings
Withdrawn status Lost status Source of classification or shelving scheme Damaged status Not for loan Home library Current Library Shelving location Date acquired Total checkouts Full call number Barcode Date last seen Copy number Price effective from Koha item type
    Dewey Decimal Classification     GRACE BIBLE COLLEGE GRACE BIBLE COLLEGE General Studies 2018-02-27   610.3 NEW 007445 2025-05-01 c.1 2018-02-27 Books
© Grace Bible College Library 2025